000 00651nam a22001937a 4500
999 _c197270
_d197270
005 20230821105427.0
010 _aUR-12137
020 _a9789394616837
_c400.00
035 _aU-10692
037 _bDBAD/PUB
082 _a840.08
100 _aسو پوری ، شفق
245 _aیاد کی اجنبی منڑ یر وں پر /
_cشفق سوپو ری
246 _aYaad ki Ajnabi Munderon Par /
_bby Shafaq Sopori
260 _aNew Delhi
_bEducational Publishing House
_c2022 ء
270 _aH.O. D1/16, Ansari Road, Darya Ganj
_bNew Delhi
_e110002
300 _a212 ص
_c22cm(pbk)
942 _2ddc
_cUR
_mس و پ
_e
_h840.08